God's plan for the world: (Record no. 5223)

000 -LEADER
fixed length control field 00697nam a2200205 a 4500
001 - CONTROL NUMBER
control field :::00002964$&:&@@
003 - CONTROL NUMBER IDENTIFIER
control field OkBaRHE
005 - DATE AND TIME OF LATEST TRANSACTION
control field 20000607103258.0
008 - FIXED-LENGTH DATA ELEMENTS--GENERAL INFORMATION
fixed length control field j 000 0 eng u
040 ## - CATALOGING SOURCE
Transcribing agency
100 1# - MAIN ENTRY--PERSONAL NAME
Personal name Gilley, Robert.
245 10 - TITLE STATEMENT
Title God's plan for the world:
Remainder of title New Testament survey.
260 ## - PUBLICATION, DISTRIBUTION, ETC. (IMPRINT)
Place of publication, distribution, etc Cleveland, TN., :
Name of publisher, distributor, etc Pathway Press
300 ## - PHYSICAL DESCRIPTION
Extent 169 p. : illus. ;
Dimensions 20 cm.
490 0# - SERIES STATEMENT
Series statement Bible study series.
650 ## - SUBJECT ADDED ENTRY--TOPICAL TERM
Topical term or geographic name as entry element Bible New Testament
General subdivision Study
942 ## - ADDED ENTRY ELEMENTS (KOHA)
Source of classification or shelving scheme
Koha item type Books
Copies
Price effective from Copy number Shelving location Source of classification or shelving scheme Permanent Location Not for loan Date last seen Withdrawn status Current Location Koha item type Date acquired Barcode Full call number Damaged status Lost status
2010-04-141General Stacks RHEMA Bible Training College 2018-03-08 RHEMA Bible Training CollegeBooks2010-04-142964BS 2525 .G5 Missing
2010-04-142General Stacks RHEMA Bible Training College 2018-03-08 RHEMA Bible Training CollegeBooks2010-04-1416048BS 2525 .G5 Missing